[Event "WYCC Open U14"]
[Site "Porto Carras"]
[Date "2015.10.26"]
[Round "2.1"]
[White "Tabatabaei, M.Amin"]
[Black "Ileana, George"]
[Result "1-0"]
[BlackElo "2133"]
[WhiteElo "2488"]
[LiveChessVersion "1.4.6"]

1. d4 {[%clk 1:30:57]} Nf6 {[%clk 1:30:55]} 2. c4 {[%clk 1:31:20]} e6
{[%clk 1:31:19]} 3. Nc3 {[%clk 1:31:43]} Bb4 {[%clk 1:31:42]} 4. e3
{[%clk 1:31:48]} O-O {[%clk 1:31:17]} 5. Bd3 {[%clk 1:32:07]} c5 {[%clk 1:30:33]}
6. Nf3 {[%clk 1:32:27]} d5 {[%clk 1:28:22]} 7. O-O {[%clk 1:32:43]} Nc6
{[%clk 1:23:41]} 8. a3 {[%clk 1:33:03]} Bxc3 {[%clk 1:23:39]} 9. bxc3
{[%clk 1:33:31]} dxc4 {[%clk 1:23:41]} 10. Bxc4 {[%clk 1:33:54]} Qc7
{[%clk 1:23:11]} 11. Bb5 {[%clk 1:33:07]} Bd7 {[%clk 1:10:03]} 12. a4
{[%clk 1:31:51]} a6 {[%clk 1:08:12]} 13. Be2 {[%clk 1:32:08]} e5 {[%clk 0:58:08]}
14. Ba3 {[%clk 1:31:50]} e4 {[%clk 0:51:09]} 15. Nd2 {[%clk 1:31:58]} cxd4
{[%clk 0:48:02]} 16. Bxf8 {[%clk 1:31:00]} d3 {[%clk 0:41:39]} 17. Bxd3
{[%clk 1:29:05]} Ng4 {[%clk 0:37:11]} 18. g3 {[%clk 1:28:14]} exd3
{[%clk 0:36:59]} 19. Bc5 {[%clk 1:28:36]} Qe5 {[%clk 0:35:04]} 20. Bd4
{[%clk 1:28:56]} Qh5 {[%clk 0:34:00]} 21. h4 {[%clk 1:29:15]} Nxd4
{[%clk 0:33:53]} 22. cxd4 {[%clk 1:28:54]} Qg6 {[%clk 0:30:31]} 23. Qf3
{[%clk 1:27:21]} Re8 {[%clk 0:28:18]} 24. e4 f5 {[%clk 0:19:15]} 25. e5
{[%clk 1:26:06]} Qh6 {[%clk 0:18:35]} 26. Qxd3 {[%clk 1:25:41]} f4
{[%clk 0:17:23]} 27. Rae1 {[%clk 1:24:25]} g5 {[%clk 0:16:01]} 28. Nf3
{[%clk 1:22:47]} gxh4 {[%clk 0:15:57]} 29. Nxh4 {[%clk 1:23:11]} Kh8
{[%clk 0:15:46]} 30. Qf3 {[%clk 1:08:35]} Rg8 {[%clk 0:15:13]} 31. e6
{[%clk 1:01:48]} Bxe6 {[%clk 0:14:29]} 32. d5 {[%clk 1:02:13]} Bd7
{[%clk 0:13:37]} 33. Re7 {[%clk 1:00:04]} Qf6 {[%clk 0:07:37]} 34. Qe4
{[%clk 0:58:25]} Bf5 {[%clk 0:04:17]} 35. Nxf5 {[%clk 0:58:34]} 1-0

[Event "WYCC Open U14"]
[Site "Porto Carras"]
[Date "2015.10.26"]
[Round "2.2"]
[White "Mirzoyan, David"]
[Black "Checa, Nicolas D"]
[Result "0-1"]
[BlackElo "2437"]
[WhiteElo "2136"]
[LiveChessVersion "1.4.6"]

1. Nf3 {[%clk 1:30:58]} d5 {[%clk 1:30:32]} 2. g3 {[%clk 1:31:23]} Bg4
{[%clk 1:30:15]} 3. Bg2 {[%clk 1:31:48]} Nd7 {[%clk 1:30:29]} 4. c4
{[%clk 1:30:48]} e6 {[%clk 1:30:27]} 5. d4 {[%clk 1:21:23]} Ngf6 {[%clk 1:28:08]}
6. O-O {[%clk 1:21:25]} c6 {[%clk 1:26:37]} 7. Nc3 {[%clk 1:16:17]} dxc4
{[%clk 1:19:08]} 8. Qc2 {[%clk 1:13:18]} Be7 {[%clk 1:13:57]} 9. e4
{[%clk 1:10:07]} O-O {[%clk 1:07:58]} 10. Be3 {[%clk 1:00:33]} Bxf3
{[%clk 0:59:49]} 11. Bxf3 {[%clk 1:00:57]} e5 {[%clk 1:00:15]} 12. Ne2
{[%clk 0:49:37]} b5 {[%clk 0:52:00]} 13. h3 {[%clk 0:44:09]} Qc7 {[%clk 0:47:26]}
14. Bg2 {[%clk 0:42:27]} Rfe8 {[%clk 0:42:06]} 15. b3 {[%clk 0:26:22]} cxb3
{[%clk 0:40:36]} 16. axb3 {[%clk 0:26:51]} exd4 {[%clk 0:39:55]} 17. Nxd4
{[%clk 0:26:39]} Bc5 {[%clk 0:35:57]} 18. b4 {[%clk 0:15:54]} Bxd4
{[%clk 0:32:28]} 19. Bxd4 {[%clk 0:16:23]} Re6 {[%clk 0:27:37]} 20. f4
{[%clk 0:09:22]} Nb6 {[%clk 0:15:11]} 21. f5 {[%clk 0:07:12]} Ree8
{[%clk 0:14:12]} 22. e5 {[%clk 0:07:16]} Nfd5 {[%clk 0:14:11]} 23. f6 gxf6
{[%clk 0:11:32]} 24. exf6 {[%clk 0:02:46]} Qxg3 {[%clk 0:08:56]} 25. Rf3
{[%clk 0:03:06]} Qh4 {[%clk 0:08:47]} 26. Qf5 {[%clk 0:01:55]} Qxd4+
{[%clk 0:09:01]} 27. Kh1 Qxa1+ {[%clk 0:09:24]} 28. Bf1 {[%clk 0:02:34]} Qxf6
{[%clk 0:09:30]} 0-1

[Event "WYCC Open U14"]
[Site "Porto Carras"]
[Date "2015.10.26"]
[Round "2.3"]
[White "Gazik, Viktor"]
[Black "Peng, Hongchi"]
[Result "0-1"]
[BlackElo "2131"]
[WhiteElo "2431"]
[LiveChessVersion "1.4.6"]

1. c4 {[%clk 1:30:56]} Nf6 {[%clk 1:30:50]} 2. Nc3 {[%clk 1:31:20]} g6
{[%clk 1:30:10]} 3. g3 {[%clk 1:31:38]} Bg7 {[%clk 1:30:29]} 4. Bg2
{[%clk 1:32:07]} O-O {[%clk 1:30:23]} 5. e3 {[%clk 1:29:28]} c6 {[%clk 1:28:27]}
6. Nge2 {[%clk 1:29:06]} d6 {[%clk 1:27:44]} 7. O-O {[%clk 1:29:00]} e5
{[%clk 1:25:33]} 8. d4 {[%clk 1:22:55]} Qc7 {[%clk 1:24:13]} 9. Rb1
{[%clk 1:19:45]} Re8 {[%clk 1:21:44]} 10. b4 {[%clk 1:14:28]} Nbd7
{[%clk 1:13:11]} 11. b5 {[%clk 1:05:58]} c5 {[%clk 1:11:36]} 12. Qb3
{[%clk 0:48:58]} cxd4 {[%clk 1:05:24]} 13. exd4 {[%clk 0:48:36]} exd4
{[%clk 1:05:02]} 14. Nxd4 {[%clk 0:49:00]} Nb6 {[%clk 1:05:01]} 15. Bg5
{[%clk 0:32:52]} Qxc4 {[%clk 1:04:06]} 16. Qxc4 {[%clk 0:29:25]} Nxc4
{[%clk 1:04:35]} 17. Rfe1 {[%clk 0:27:43]} Rxe1+ {[%clk 0:58:01]} 18. Rxe1
{[%clk 0:28:12]} Kf8 {[%clk 0:57:13]} 19. Nb3 {[%clk 0:23:29]} Rb8
{[%clk 0:54:35]} 20. Nd5 {[%clk 0:20:48]} Ne8 {[%clk 0:50:13]} 21. Rc1 Ne5
{[%clk 0:46:49]} 22. Na5 {[%clk 0:05:14]} Bg4 {[%clk 0:43:16]} 23. Be3
{[%clk 0:04:39]} Nf3+ {[%clk 0:36:54]} 24. Kh1 {[%clk 0:05:07]} Nd4
{[%clk 0:34:27]} 25. h3 {[%clk 0:02:42]} Be6 {[%clk 0:33:18]} 26. a4
{[%clk 0:03:11]} b6 {[%clk 0:26:38]} 27. Bxd4 {[%clk 0:01:11]} Bxd4
{[%clk 0:25:55]} 28. Nc6 {[%clk 0:01:40]} Rc8 {[%clk 0:26:21]} 29. Rf1
{[%clk 0:01:21]} Bc5 {[%clk 0:25:25]} 30. Nf4 {[%clk 0:01:50]} Bb3
{[%clk 0:22:59]} 31. Ra1 {[%clk 0:00:44]} Bxf2 {[%clk 0:21:36]} 32. Bd5
{[%clk 0:01:02]} Bxd5+ {[%clk 0:19:52]} 33. Nxd5 {[%clk 0:01:31]} a5
{[%clk 0:16:27]} 34. Kg2 Bc5 {[%clk 0:16:45]} 35. Re1 {[%clk 0:01:07]} Kg7
{[%clk 0:15:55]} 36. Re7 {[%clk 0:00:45]} Nf6 {[%clk 0:15:03]} 37. Nf4
{[%clk 0:00:38]} Re8 {[%clk 0:11:37]} 38. Ne6+ {[%clk 0:01:06]} Kh6
{[%clk 0:11:42]} 39. Nxc5 {[%clk 0:00:34]} Rxe7 {[%clk 0:11:50]} 40. Nxe7
{[%clk 0:31:02]} dxc5 {[%clk 0:42:11]} 41. Kf3 {[%clk 0:27:26]} Kg7
{[%clk 0:39:47]} 42. Nc8 {[%clk 0:25:15]} Nd5 {[%clk 0:38:39]} 43. Ke4
{[%clk 0:24:10]} c4 {[%clk 0:37:40]} 44. Nd6 {[%clk 0:21:13]} c3 {[%clk 0:36:41]}
45. Kd3 {[%clk 0:20:52]} f5 {[%clk 0:36:31]} 0-1

[Event "WYCC Open U14"]
[Site "Porto Carras"]
[Date "2015.10.26"]
[Round "2.4"]
[White "Zhalmakhanov, Ramazan"]
[Black "Nguyen, Thai Dai Van"]
[Result "1/2-1/2"]
[BlackElo "2409"]
[WhiteElo "2132"]
[LiveChessVersion "1.4.6"]

1. e4 {[%clk 1:30:53]} e6 {[%clk 1:30:46]} 2. d4 {[%clk 1:31:13]} d5
{[%clk 1:31:12]} 3. Nc3 {[%clk 1:31:34]} Nf6 {[%clk 1:31:36]} 4. Bg5
{[%clk 1:31:48]} Bb4 {[%clk 1:31:55]} 5. e5 {[%clk 1:29:44]} h6 {[%clk 1:32:19]}
6. Bd2 {[%clk 1:27:42]} Bxc3 {[%clk 1:32:42]} 7. bxc3 {[%clk 1:27:56]} Ne4
{[%clk 1:33:00]} 8. Bd3 {[%clk 1:26:24]} Nxd2 {[%clk 1:32:40]} 9. Qxd2
{[%clk 1:26:20]} c5 {[%clk 1:32:18]} 10. Nf3 {[%clk 1:26:22]} O-O
{[%clk 1:28:36]} 11. O-O {[%clk 1:23:54]} Nc6 {[%clk 1:23:32]} 12. dxc5
{[%clk 1:19:42]} Qe7 {[%clk 1:17:53]} 13. Qe3 {[%clk 1:19:52]} Bd7
{[%clk 1:16:58]} 14. c4 {[%clk 1:05:04]} dxc4 {[%clk 1:13:28]} 15. Bxc4
{[%clk 1:05:21]} Rac8 {[%clk 1:12:23]} 16. Rab1 {[%clk 0:48:24]} Na5
{[%clk 1:05:16]} 17. Bd3 {[%clk 0:47:36]} Rxc5 {[%clk 0:54:25]} 18. Qe4
{[%clk 0:46:45]} g6 {[%clk 0:54:46]} 19. Qf4 {[%clk 0:46:25]} Kg7
{[%clk 0:53:18]} 20. Nd2 {[%clk 0:40:21]} Bc6 {[%clk 0:51:48]} 21. h4
{[%clk 0:39:22]} h5 {[%clk 0:46:56]} 22. Rfe1 {[%clk 0:36:36]} Rd8
{[%clk 0:44:49]} 23. Nf1 {[%clk 0:29:49]} Rcd5 {[%clk 0:37:25]} 24. Rb4
{[%clk 0:29:53]} b6 {[%clk 0:36:05]} 25. Ng3 {[%clk 0:27:11]} b5 {[%clk 0:23:20]}
26. a3 {[%clk 0:16:47]} Nb7 {[%clk 0:20:57]} 27. Ne4 {[%clk 0:09:36]} a5
{[%clk 0:11:34]} 28. Rbb1 {[%clk 0:07:34]} Rd4 {[%clk 0:09:49]} 29. Bxb5
{[%clk 0:06:17]} Bxe4 {[%clk 0:08:32]} 30. Rxe4 {[%clk 0:06:45]} Rxe4
{[%clk 0:00:46]} 31. Qxe4 {[%clk 0:07:14]} Nc5 {[%clk 0:01:10]} 32. Qf4
{[%clk 0:06:33]} Rb8 {[%clk 0:01:20]} 33. a4 {[%clk 0:05:49]} Rd8
{[%clk 0:01:43]} 34. Bc6 {[%clk 0:05:51]} Qc7 {[%clk 0:01:01]} 35. Qf6+
{[%clk 0:03:57]} Kg8 {[%clk 0:01:25]} 36. Rb5 {[%clk 0:01:18]} Rd1+
{[%clk 0:01:00]} 37. Kh2 {[%clk 0:01:47]} Nd7 {[%clk 0:01:11]} 38. Bxd7
{[%clk 0:01:21]} Rxd7 {[%clk 0:01:32]} 39. Qf4 {[%clk 0:01:21]} Rd5
{[%clk 0:00:36]} 40. c4 {[%clk 0:30:38]} Rc5 {[%clk 0:30:52]} 41. Rxc5
{[%clk 0:24:33]} Qxc5 {[%clk 0:31:12]} 42. g3 {[%clk 0:24:13]} Qb4
{[%clk 0:28:19]} 43. Qd4 {[%clk 0:23:59]} 1/2-1/2

[Event "WYCC Open U14"]
[Site "Porto Carras"]
[Date "2015.10.26"]
[Round "2.5"]
[White "Gholami, Aryan"]
[Black "Quirhuayo Chumbe, German Gonza"]
[Result "1/2-1/2"]
[BlackElo "2118"]
[WhiteElo "2400"]
[LiveChessVersion "1.4.6"]

1. e4 {[%clk 1:30:54]} c5 {[%clk 1:30:54]} 2. Nf3 {[%clk 1:31:13]} Nc6
{[%clk 1:31:18]} 3. c3 {[%clk 1:31:31]} d5 {[%clk 1:30:38]} 4. exd5
{[%clk 1:31:52]} Qxd5 {[%clk 1:30:58]} 5. d4 {[%clk 1:32:15]} Bg4
{[%clk 1:29:49]} 6. Be2 {[%clk 1:32:37]} cxd4 {[%clk 1:29:03]} 7. cxd4
{[%clk 1:32:59]} e6 {[%clk 1:26:51]} 8. Nc3 {[%clk 1:33:19]} Qd6 {[%clk 1:25:28]}
9. h3 {[%clk 1:28:24]} Bh5 {[%clk 1:23:19]} 10. d5 {[%clk 1:21:21]} exd5
{[%clk 1:10:36]} 11. Nb5 {[%clk 1:21:05]} Qd7 {[%clk 1:02:55]} 12. O-O
{[%clk 1:19:51]} Rc8 {[%clk 0:55:36]} 13. Nfd4 {[%clk 1:13:31]} Bxe2
{[%clk 0:51:36]} 14. Qxe2+ {[%clk 1:12:46]} Be7 {[%clk 0:51:40]} 15. Bf4
{[%clk 1:09:36]} Kf8 {[%clk 0:51:36]} 16. Rad1 {[%clk 1:06:27]} Nf6
{[%clk 0:37:20]} 17. Nf3 {[%clk 1:01:02]} a6 {[%clk 0:31:21]} 18. Nc3
{[%clk 1:00:52]} Qf5 {[%clk 0:29:41]} 19. Bg3 {[%clk 0:59:02]} Bb4
{[%clk 0:23:55]} 20. Qe3 {[%clk 0:53:05]} Bxc3 {[%clk 0:19:50]} 21. Qxc3
{[%clk 0:53:20]} Kg8 {[%clk 0:14:42]} 22. Qb3 {[%clk 0:52:35]} b5
{[%clk 0:13:58]} 23. Qa3 {[%clk 0:51:45]} a5 {[%clk 0:13:39]} 24. Nd4
{[%clk 0:49:00]} Nxd4 {[%clk 0:10:43]} 25. Rxd4 {[%clk 0:49:28]} Ra8
{[%clk 0:08:45]} 26. Qc5 {[%clk 0:47:34]} h6 {[%clk 0:08:04]} 27. Qxb5
{[%clk 0:47:30]} Kh7 {[%clk 0:07:50]} 28. Ra4 {[%clk 0:47:33]} Rhc8
{[%clk 0:06:36]} 29. Rxa5 {[%clk 0:45:23]} Rxa5 {[%clk 0:07:01]} 30. Qxa5
{[%clk 1:15:48]} Rc2 {[%clk 0:36:20]} 31. Qb6 {[%clk 0:44:30]} Ne4
{[%clk 0:06:13]} 32. Bh4 {[%clk 0:27:27]} Nd2 {[%clk 0:04:57]} 33. Re1
{[%clk 0:18:45]} Nc4 {[%clk 0:04:15]} 34. Qd8 {[%clk 0:15:42]} Rxb2
{[%clk 0:03:58]} 35. a4 {[%clk 0:14:26]} Nd2 {[%clk 0:02:36]} 36. a5
{[%clk 0:12:15]} Ne4 {[%clk 0:02:01]} 37. Rf1 {[%clk 0:11:44]} Nd2
{[%clk 0:02:23]} 38. Re1 {[%clk 0:11:33]} Ne4 {[%clk 0:02:49]} 39. Rf1
{[%clk 0:11:59]} Ra2 {[%clk 0:02:42]} 40. Qc7 {[%clk 0:07:05]} Nd2
{[%clk 0:02:03]} 41. Re1 {[%clk 0:31:21]} d4 {[%clk 0:29:29]} 42. Rd1
{[%clk 0:23:43]} Rc2 {[%clk 0:14:06]} 43. Qd8 {[%clk 0:23:22]} Nb3
{[%clk 0:09:50]} 44. a6 {[%clk 0:18:21]} Rc8 {[%clk 0:07:00]} 45. Qe7
{[%clk 0:15:55]} Qc2 {[%clk 0:05:57]} 46. Rf1 {[%clk 0:16:00]} Rc7
{[%clk 0:03:45]} 47. Qe5 {[%clk 0:11:10]} f6 {[%clk 0:02:21]} 48. Qe6
{[%clk 0:11:23]} Nd2 {[%clk 0:01:27]} 49. Ra1 {[%clk 0:09:47]} Qc1+
{[%clk 0:01:02]} 50. Rxc1 {[%clk 0:08:07]} Rxc1+ {[%clk 0:01:30]} 1/2-1/2

[Event "WYCC Open U14"]
[Site "Porto Carras"]
[Date "2015.10.26"]
[Round "2.6"]
[White "Gungl, Theo"]
[Black "Lobanov, Sergei"]
[Result "1/2-1/2"]
[BlackElo "2394"]
[WhiteElo "2123"]
[LiveChessVersion "1.4.6"]

1. e4 {[%clk 1:30:59]} c5 {[%clk 1:30:56]} 2. Nf3 {[%clk 1:31:26]} Nc6
{[%clk 1:31:20]} 3. d4 {[%clk 1:31:51]} cxd4 {[%clk 1:31:46]} 4. Nxd4
{[%clk 1:32:19]} Qb6 {[%clk 1:32:05]} 5. Nb3 {[%clk 1:27:40]} Nf6
{[%clk 1:32:28]} 6. Nc3 {[%clk 1:27:38]} e6 {[%clk 1:32:47]} 7. Be3
{[%clk 1:26:10]} Qc7 {[%clk 1:33:11]} 8. a3 {[%clk 1:22:59]} Be7 {[%clk 1:32:05]}
9. Be2 {[%clk 1:17:14]} a6 {[%clk 1:32:03]} 10. O-O {[%clk 1:16:10]} b5
{[%clk 1:32:02]} 11. f4 {[%clk 1:14:35]} d6 {[%clk 1:28:22]} 12. Bf3
{[%clk 1:11:22]} Bb7 {[%clk 1:28:34]} 13. Kh1 {[%clk 0:41:47]} h5
{[%clk 1:23:25]} 14. Nc1 {[%clk 0:36:47]} Na5 {[%clk 1:18:57]} 15. Nd3
{[%clk 0:32:47]} Nc4 {[%clk 1:17:03]} 16. Bc1 {[%clk 0:32:41]} Ng4
{[%clk 1:09:50]} 17. Bxg4 {[%clk 0:24:53]} hxg4 {[%clk 1:10:19]} 18. Qxg4
{[%clk 0:25:13]} Bf6 {[%clk 1:10:45]} 19. e5 {[%clk 0:17:44]} dxe5
{[%clk 1:10:25]} 20. fxe5 {[%clk 0:18:06]} Nxe5 {[%clk 1:10:11]} 21. Qg3
{[%clk 0:17:45]} Qc6 {[%clk 1:07:14]} 22. Bg5 {[%clk 0:12:40]} Nxd3
{[%clk 1:05:15]} 23. Bxf6 {[%clk 0:12:52]} gxf6 {[%clk 1:05:24]} 24. cxd3
{[%clk 0:13:19]} Rh6 {[%clk 0:30:02]} 25. Ne4 {[%clk 0:12:31]} Rg6
{[%clk 0:30:28]} 26. Qh4 {[%clk 0:08:05]} Rc8 {[%clk 0:19:45]} 27. Rxf6
{[%clk 0:03:06]} Rxf6 {[%clk 0:08:19]} 28. Nxf6+ Kf8 29. Qh6+ {[%clk 0:03:47]}
Ke7 {[%clk 0:09:16]} 30. Ne4 {[%clk 0:03:47]} f5 {[%clk 0:04:17]} 31. Qg7+
{[%clk 0:03:21]} Kd8 {[%clk 0:04:42]} 32. Qg5+ {[%clk 0:03:31]} Kd7
{[%clk 0:04:20]} 33. Qg7+ {[%clk 0:03:20]} Kd8 {[%clk 0:04:44]} 34. Qg5+
{[%clk 0:01:51]} Kd7 {[%clk 0:05:08]} 35. Qg7+ {[%clk 0:01:57]} Kd8
{[%clk 0:05:12]} 36. Qg5+ {[%clk 0:01:16]} 1/2-1/2

[Event "WYCC Open U14"]
[Site "Porto Carras"]
[Date "2015.10.26"]
[Round "2.7"]
[White "Esipenko, Andrey"]
[Black "Lamblin, Jean"]
[Result "1-0"]
[BlackElo "2110"]
[WhiteElo "2384"]
[LiveChessVersion "1.4.6"]

1. d4 {[%clk 1:30:58]} d5 {[%clk 1:30:50]} 2. c4 {[%clk 1:30:33]} c6
{[%clk 1:30:52]} 3. Nf3 {[%clk 1:30:11]} Nf6 {[%clk 1:30:45]} 4. Nc3
{[%clk 1:29:06]} e6 {[%clk 1:30:35]} 5. e3 {[%clk 1:28:39]} Nbd7 {[%clk 1:30:11]}
6. Qc2 {[%clk 1:28:48]} Bd6 {[%clk 1:29:29]} 7. b3 {[%clk 1:29:04]} O-O
{[%clk 1:28:46]} 8. Be2 {[%clk 1:29:22]} e5 {[%clk 1:25:54]} 9. cxd5
{[%clk 1:26:00]} cxd5 {[%clk 1:26:00]} 10. Nb5 {[%clk 1:22:29]} Bb4+
{[%clk 1:18:22]} 11. Bd2 {[%clk 1:22:51]} Bxd2+ {[%clk 1:16:26]} 12. Nxd2
{[%clk 1:23:13]} exd4 {[%clk 1:09:29]} 13. Nxd4 {[%clk 1:23:29]} Ne5
{[%clk 1:06:05]} 14. O-O {[%clk 1:12:46]} Bd7 {[%clk 0:58:20]} 15. Qc5
{[%clk 1:09:40]} Qb8 {[%clk 0:51:06]} 16. h3 {[%clk 1:04:01]} Rc8
{[%clk 0:46:21]} 17. Qa3 {[%clk 1:02:37]} Nc6 {[%clk 0:35:07]} 18. N2f3
{[%clk 1:02:01]} Ne4 {[%clk 0:34:13]} 19. Rac1 {[%clk 1:01:53]} a6
{[%clk 0:28:54]} 20. Bd3 {[%clk 1:00:17]} Nxd4 {[%clk 0:27:10]} 21. Nxd4
{[%clk 0:58:03]} Qe5 {[%clk 0:22:24]} 22. Qb4 {[%clk 0:48:30]} b5
{[%clk 0:12:53]} 23. Nf3 {[%clk 0:41:02]} Qd6 {[%clk 0:09:14]} 24. Qxd6
{[%clk 0:35:41]} Nxd6 {[%clk 0:09:42]} 25. Nd4 {[%clk 0:35:41]} g6
{[%clk 0:08:21]} 26. f3 {[%clk 0:35:12]} Kg7 {[%clk 0:05:53]} 27. Kf2
{[%clk 0:34:37]} Nb7 {[%clk 0:04:30]} 28. Ke2 {[%clk 0:27:09]} Nc5
{[%clk 0:03:33]} 29. Kd2 {[%clk 0:27:03]} Ne6 {[%clk 0:03:06]} 30. Ne2
{[%clk 0:27:11]} Kf8 {[%clk 0:02:50]} 31. h4 {[%clk 0:22:55]} h5 {[%clk 0:01:43]}
32. Rce1 {[%clk 0:17:13]} Rd8 {[%clk 0:01:41]} 33. Rf2 {[%clk 0:16:44]} Be8
{[%clk 0:01:34]} 34. g4 {[%clk 0:15:29]} d4 {[%clk 0:01:24]} 35. e4
{[%clk 0:15:39]} hxg4 {[%clk 0:01:19]} 36. fxg4 {[%clk 0:16:07]} Kg7
{[%clk 0:01:27]} 37. e5 {[%clk 0:14:12]} Bc6 {[%clk 0:01:13]} 38. Ref1
{[%clk 0:13:46]} Ra7 {[%clk 0:01:03]} 39. Rf6 {[%clk 0:13:17]} Bd5
{[%clk 0:01:07]} 40. h5 {[%clk 0:43:31]} Nf8 {[%clk 0:30:39]} 41. Nf4
{[%clk 0:42:38]} g5 {[%clk 0:29:44]} 42. h6+ {[%clk 0:38:43]} Kg8
{[%clk 0:29:16]} 43. Nxd5 {[%clk 0:38:35]} Rxd5 {[%clk 0:29:36]} 44. e6
{[%clk 0:39:04]} Nxe6 {[%clk 0:28:23]} 45. h7+ {[%clk 0:37:06]} Kg7
{[%clk 0:26:46]} 46. Rxe6 {[%clk 0:37:17]} fxe6 {[%clk 0:27:03]} 47. Rf8
{[%clk 0:37:40]} 1-0

[Event "WYCC Open U14"]
[Site "Porto Carras"]
[Date "2015.10.26"]
[Round "2.8"]
[White "Keinanen, Toivo"]
[Black "Erenberg, Ariel"]
[Result "0-1"]
[BlackElo "2366"]
[WhiteElo "2115"]
[LiveChessVersion "1.4.6"]

1. c4 {[%clk 1:30:56]} c5 {[%clk 1:30:45]} 2. g3 {[%clk 1:30:12]} g6
{[%clk 1:30:59]} 3. Bg2 {[%clk 1:30:39]} Bg7 {[%clk 1:31:23]} 4. Nc3
{[%clk 1:31:05]} Nc6 {[%clk 1:31:17]} 5. Nf3 {[%clk 1:31:18]} d6 {[%clk 1:31:16]}
6. O-O {[%clk 1:28:45]} e6 {[%clk 1:31:03]} 7. d3 {[%clk 1:22:54]} Nge7
{[%clk 1:31:07]} 8. Bg5 {[%clk 1:22:44]} h6 {[%clk 1:31:00]} 9. Bd2
{[%clk 1:23:09]} b6 {[%clk 1:26:06]} 10. a3 {[%clk 1:22:40]} Bb7 {[%clk 1:26:06]}
11. Rb1 {[%clk 1:21:29]} Qd7 {[%clk 1:25:25]} 12. b4 {[%clk 1:20:54]} g5
{[%clk 1:15:27]} 13. b5 {[%clk 1:04:35]} Nd4 {[%clk 1:13:55]} 14. e3
{[%clk 0:58:38]} Nxf3+ {[%clk 1:13:08]} 15. Bxf3 {[%clk 0:59:06]} O-O
{[%clk 1:05:27]} 16. Bxb7 {[%clk 0:53:24]} Qxb7 {[%clk 1:05:53]} 17. f4
{[%clk 0:47:34]} gxf4 {[%clk 0:59:57]} 18. gxf4 {[%clk 0:46:34]} f5
{[%clk 0:54:15]} 19. Qf3 {[%clk 0:41:46]} Qxf3 {[%clk 0:52:52]} 20. Rxf3
{[%clk 0:42:13]} d5 {[%clk 0:52:50]} 21. cxd5 {[%clk 0:37:03]} exd5
{[%clk 0:51:40]} 22. Ne2 {[%clk 0:36:09]} a6 {[%clk 0:42:35]} 23. Bc3
{[%clk 0:30:12]} Bxc3 {[%clk 0:29:16]} 24. Nxc3 {[%clk 0:30:41]} axb5
{[%clk 0:29:11]} 25. Nxb5 {[%clk 0:30:46]} Rf6 {[%clk 0:26:37]} 26. Kf2
{[%clk 0:28:59]} Kf7 {[%clk 0:26:23]} 27. Rg3 {[%clk 0:28:12]} Ra5
{[%clk 0:26:07]} 28. Rgg1 {[%clk 0:27:43]} Rc6 {[%clk 0:21:45]} 29. Rgc1
{[%clk 0:27:19]} Rg6 {[%clk 0:17:17]} 30. Rb3 {[%clk 0:25:28]} Ke6
{[%clk 0:15:10]} 31. Nc3 {[%clk 0:23:48]} Kd7 {[%clk 0:15:09]} 32. Ne2
{[%clk 0:23:52]} Rc6 {[%clk 0:11:08]} 33. Ng1 {[%clk 0:20:35]} c4
{[%clk 0:10:22]} 34. Rbc3 {[%clk 0:19:53]} b5 {[%clk 0:08:31]} 35. Nf3
{[%clk 0:20:22]} Rca6 {[%clk 0:07:12]} 36. Rb1 {[%clk 0:18:39]} Nc6
{[%clk 0:04:30]} 37. Ne1 {[%clk 0:14:40]} Kd6 {[%clk 0:03:34]} 38. Nc2
{[%clk 0:14:45]} Kc5 {[%clk 0:03:11]} 39. Rg1 {[%clk 0:13:18]} b4
{[%clk 0:01:27]} 40. axb4+ {[%clk 0:40:54]} Nxb4 {[%clk 0:31:52]} 41. dxc4
{[%clk 0:32:01]} dxc4 {[%clk 0:30:55]} 42. Rg8 {[%clk 0:28:23]} Ra2
{[%clk 0:23:21]} 43. Rc8+ {[%clk 0:27:53]} Rc6 {[%clk 0:23:41]} 44. Rxc6+
{[%clk 0:27:49]} Nxc6 {[%clk 0:24:05]} 45. Kf3 {[%clk 0:26:46]} Rb2
{[%clk 0:23:39]} 46. Na3 {[%clk 0:18:26]} Na5 {[%clk 0:23:58]} 47. Rc2
{[%clk 0:18:09]} Rb3 {[%clk 0:21:15]} 48. Ra2 {[%clk 0:18:26]} Nc6
{[%clk 0:18:58]} 49. Nc2 {[%clk 0:16:32]} Nb4 {[%clk 0:13:05]} 50. Nxb4
{[%clk 0:16:52]} Kxb4 {[%clk 0:13:12]} 51. Ra6 {[%clk 0:16:14]} Kc3
{[%clk 0:12:24]} 52. Rc6 {[%clk 0:14:49]} Kd3 {[%clk 0:11:25]} 53. Rxh6
{[%clk 0:14:13]} Kd2 {[%clk 0:09:37]} 54. Re6 {[%clk 0:08:58]} Rd3
{[%clk 0:09:03]} 55. Kf2 {[%clk 0:02:11]} c3 {[%clk 0:09:01]} 56. h4
{[%clk 0:01:40]} c2 {[%clk 0:09:17]} 57. Rc6 {[%clk 0:02:05]} c1=Q
{[%clk 0:09:22]} 58. Rxc1 {[%clk 0:02:34]} Kxc1 {[%clk 0:09:45]} 59. Ke2
{[%clk 0:02:40]} Kc2 {[%clk 0:10:00]} 60. h5 {[%clk 0:02:54]} Rd2+
{[%clk 0:10:23]} 61. Kf3 {[%clk 0:03:08]} Kd3 {[%clk 0:10:43]} 0-1

[Event "WYCC Open U14"]
[Site "Porto Carras"]
[Date "2015.10.26"]
[Round "2.9"]
[White "Shevchenko, Kirill"]
[Black "Moreby, James"]
[Result "1-0"]
[BlackElo "2108"]
[WhiteElo "2359"]
[LiveChessVersion "1.4.6"]

1. e4 {[%clk 1:30:58]} c5 {[%clk 1:30:56]} 2. Nf3 {[%clk 1:31:22]} d6
{[%clk 1:31:18]} 3. d4 {[%clk 1:31:44]} cxd4 {[%clk 1:31:44]} 4. Nxd4
{[%clk 1:32:11]} Nf6 {[%clk 1:32:08]} 5. Nc3 {[%clk 1:32:30]} a6 {[%clk 1:32:33]}
6. Be3 {[%clk 1:32:33]} Ng4 {[%clk 1:32:24]} 7. Bg5 {[%clk 1:32:25]} h6
{[%clk 1:32:47]} 8. Bh4 {[%clk 1:32:38]} g5 {[%clk 1:33:11]} 9. Bg3
{[%clk 1:32:56]} Bg7 {[%clk 1:33:29]} 10. Qd2 {[%clk 1:32:50]} Nc6
{[%clk 1:33:28]} 11. Nb3 {[%clk 1:32:19]} Be6 {[%clk 1:31:28]} 12. h4
{[%clk 1:29:06]} gxh4 {[%clk 1:28:34]} 13. Bxh4 {[%clk 1:27:58]} Nge5
{[%clk 1:15:28]} 14. f4 {[%clk 1:12:36]} Nc4 {[%clk 1:14:36]} 15. Bxc4
{[%clk 1:12:49]} Bxc4 {[%clk 1:14:33]} 16. Bf2 {[%clk 1:09:04]} b5
{[%clk 0:56:52]} 17. O-O-O {[%clk 0:59:23]} Rc8 {[%clk 0:39:43]} 18. Kb1
{[%clk 0:56:44]} Bxb3 {[%clk 0:34:41]} 19. cxb3 {[%clk 0:56:33]} Qc7
{[%clk 0:28:31]} 20. Nd5 {[%clk 0:44:33]} Qb7 {[%clk 0:27:36]} 21. f5
{[%clk 0:42:50]} Ne5 {[%clk 0:13:00]} 22. Rc1 {[%clk 0:41:43]} e6
{[%clk 0:07:56]} 23. Rxc8+ {[%clk 0:40:32]} Qxc8 {[%clk 0:08:24]} 24. Rc1
{[%clk 0:40:37]} Qb7 {[%clk 0:07:05]} 25. Rc7 {[%clk 0:40:08]} Qa8
{[%clk 0:07:02]} 26. fxe6 {[%clk 0:40:09]} fxe6 {[%clk 0:06:30]} 27. Re7+
{[%clk 0:40:18]} Kf8 {[%clk 0:04:16]} 28. Qf4+ {[%clk 0:40:40]} Kg8
{[%clk 0:04:45]} 29. Nc7 {[%clk 0:39:00]} Qb7 {[%clk 0:03:38]} 30. Bh4
{[%clk 0:37:18]} Kh7 {[%clk 0:02:45]} 31. Nxe6 {[%clk 0:37:19]} Ng6
{[%clk 0:02:26]} 32. Rxb7 {[%clk 0:37:31]} Nxf4 {[%clk 0:02:52]} 33. Rxg7#
{[%clk 0:37:52]} 1-0